| 000 | 00730nam a2200253Ia 4500 | ||
|---|---|---|---|
| 001 | dia_6932 | ||
| 003 | CHAP | ||
| 008 | 220117s1967 xx 000 0 und d | ||
| 010 | _a178280 | ||
| 040 | _cCHAP | ||
| 090 | _aF 287 1967 | ||
| 100 |
_aNava, Fidencio J. _980494 |
||
| 245 |
_aEvaluación de la calidad del arroz en México / _c Fidencio J. Nava y Lilia Delgado Lozano |
||
| 260 |
_aMéxico : _b Secretaría de Agricultura y Ganadería, _c1967 |
||
| 300 | _a27 p. | ||
| 440 |
_aFolleto miscélaneo ; 17 _9162865 |
||
| 504 | _aBibliografía: p. 26-27 | ||
| 901 | _aF 287 1967 | ||
| 902 | _aM | ||
| 905 | _a0000001967 MX 0000000000SPA00 | ||
| 942 | _c12 | ||
| 942 | _c12 | ||
| 999 |
_c178280 _d178280 |
||